[Event "OLNW 2122 SK Lehrte - SF Hannover"]
[Site "?"]
[Date "2022.03.06"]
[Round "7.2"]
[White "Schruefer, Guenther"]
[Black "von Mettenheim, Johannes"]
[Result "0-1"]
[WhiteElo "2189"]
[BlackElo "2112"]
[PlyCount "72"]
[EventDate "2022.??.??"]

1. e4 c6 2. d4 d5 3. exd5 cxd5 4. Bd3 Nc6 5. c3 Qc7 6. Ne2 Bg4 7. O-O e6 8. Qe1
g6 9. Bf4 Bd6 10. Bxd6 Qxd6 11. h3 Bf5 12. Bxf5 gxf5 13. Na3 Nge7 14. Kh1 O-O
15. Qd2 Kh8 16. Nc2 Rg8 17. b3 Rac8 18. Rac1 Nb8 19. Qd3 Nd7 20. Ne3 Nf6 21. c4
dxc4 22. bxc4 Ng6 23. d5 f4 24. Qc3 e5 25. Ng4 Nxg4 26. hxg4 Nh4 27. Nxf4 Rxg4
28. g3 f6 29. c5 Qd7 30. Rfd1 Qf5 31. Ne6 Qe4+ 32. f3 Nxf3 33. Qd3 Rh4+ 34.
gxh4 Qxh4+ 35. Kg2 Rg8+ 36. Kf1 Qh2 0-1

[Event "OLNW 2122 SK Lehrte - SF Hannover"]
[Site "?"]
[Date "2022.03.06"]
[Round "7.3"]
[White "Ackermann, Dennie"]
[Black "Zschischang, Marine"]
[Result "1-0"]
[WhiteElo "2117"]
[BlackElo "2071"]
[PlyCount "115"]
[EventDate "2022.??.??"]

1. d4 d5 2. Bf4 c5 3. Nc3 Nc6 4. e4 Nxd4 5. Nxd5 Ne6 6. Be5 Nf6 7. c3 Nxd5 8.
exd5 Nc7 9. Qf3 f6 10. Bg3 g6 11. Rd1 Kf7 12. Bc4 Kg7 13. Ne2 Ne8 14. Nf4 Nd6
15. Bb3 c4 16. Bc2 Qa5 17. Bb1 Qb6 18. Rd2 Kf7 19. O-O Bh6 20. Re1 Re8 21. Rde2
Qc5 22. Ne6 Bxe6 23. Rxe6 Rad8 24. Be5 Bg7 25. Bd4 Qc7 26. Qe3 b6 27. Bc2 Qd7
28. Ba4 b5 29. Bc2 Ra8 30. a4 a6 31. h4 Rad8 32. h5 Nf5 33. hxg6+ hxg6 34. Bxf5
gxf5 35. axb5 axb5 36. Bb6 Rb8 37. Bc5 Qxd5 38. Rxe7+ Rxe7 39. Qxe7+ Kg8 40.
Bd4 Qf7 41. Qc5 Qh5 42. Qd5+ Qf7 43. Qxf5 b4 44. cxb4 Rxb4 45. Qc8+ Kh7 46. Re3
Rb5 47. Bc5 Rb3 48. Qf5+ Qg6 49. Qxg6+ Kxg6 50. Rxb3 cxb3 51. Bd4 Kf5 52. f3
Ke6 53. Kf2 Kd5 54. Bc3 Kc4 55. Ke2 Kd5 56. g4 Ke6 57. g5 Kf5 58. Bxf6 1-0

[Event "OLNW 2122 SK Lehrte - SF Hannover"]
[Site "?"]
[Date "2022.03.06"]
[Round "7.4"]
[White "Zschischang, Gunnar"]
[Black "Herrmann, Andreas"]
[Result "0-1"]
[WhiteElo "2106"]
[BlackElo "2051"]
[PlyCount "77"]
[EventDate "2022.??.??"]

1. d4 Nf6 2. c4 e6 3. Nc3 Bb4 4. Qc2 c5 5. dxc5 Bxc5 6. Nf3 Nc6 7. e3 O-O 8.
Be2 b6 9. O-O Bb7 10. a3 Rc8 11. b4 Be7 12. Bb2 Qc7 13. Rac1 Qb8 14. Rfd1 Qa8
15. Qb3 Rfd8 16. Na4 d6 17. Ne1 Nb8 18. Bf3 Nbd7 19. Bxb7 Qxb7 20. Nf3 b5 21.
cxb5 Qxb5 22. Nd4 Qb7 23. Nc3 Ne5 24. a4 d5 25. b5 Nc4 26. Nb1 Ne4 27. Ba3 Bf6
28. f3 Nc5 29. Bxc5 Rxc5 30. Na3 Rdc8 31. Nxc4 Rxc4 32. Rxc4 dxc4 33. Qc2 Qb6
34. Kf2 a6 35. Nc6 axb5 36. axb5 c3 37. Rb1 g6 38. Qd3 Ra8 39. Kg3 {ZÜ} 0-1

[Event "OLNW 2122 SK Lehrte - SF Hannover"]
[Site "?"]
[Date "2022.03.06"]
[Round "7.5"]
[White "Simon, Ralf-Axel"]
[Black "Beduerftig, Heinrich"]
[Result "1/2-1/2"]
[WhiteElo "2151"]
[BlackElo "2145"]
[PlyCount "89"]
[EventDate "2022.??.??"]

1. c4 e6 2. Nf3 d5 3. e3 Nf6 4. b3 Be7 5. Bb2 O-O 6. Nc3 b6 7. cxd5 Nxd5 8.
Nxd5 exd5 9. Qc2 Ba6 10. Rc1 Bxf1 11. Kxf1 c5 12. d4 Nd7 13. g3 Rc8 14. dxc5
bxc5 15. Kg2 Bf6 16. Rhd1 Bxb2 17. Qxb2 Nf6 18. Rc2 Qb6 19. Rdc1 Rc7 20. b4 c4
21. a3 Qe6 22. Qd4 Re8 23. Re2 Qa6 24. Qb2 c3 25. Qa2 Qd3 26. Rec2 Rec8 27. Qb3
h6 28. Kg1 Ne4 29. Qa4 Nd2 30. Nd4 a6 31. b5 axb5 32. Qxb5 Qe4 33. Qe2 Rc4 34.
f3 Qe7 35. Qd3 Qxa3 36. Nf5 Nxf3+ 37. Kg2 Ne5 38. Qxd5 Ng4 39. h3 Nf6 40. Qd3
Qc5 41. Nd6 Qc6+ 42. Kh2 Ne4 43. Qxc4 Qxc4 44. Nxc4 Rxc4 45. Kg2 1/2-1/2

[Event "OLNW 2122 SK Lehrte - SF Hannover"]
[Site "?"]
[Date "2022.03.06"]
[Round "7.6"]
[White "Meiwes, Thore"]
[Black "Ploog, Martin"]
[Result "1-0"]
[WhiteElo "2070"]
[BlackElo "2056"]
[PlyCount "57"]
[EventDate "2022.??.??"]

1. d4 d5 2. Bf4 Nf6 3. e3 c5 4. c3 Qb6 5. Qb3 c4 6. Qc2 Nc6 7. Nd2 g6 8. e4
Nxe4 9. Nxe4 dxe4 10. Bxc4 Bg7 11. Be3 Qc7 12. f3 exf3 13. Nxf3 O-O 14. O-O Bf5
15. Qe2 Na5 16. Bd3 Bxd3 17. Qxd3 Nc4 18. Rf2 e5 19. Nxe5 Nxe5 20. dxe5 Qxe5
21. Bf4 Qe6 22. Qf3 b6 23. Raf1 Rad8 24. a3 Rfe8 25. h3 Qf5 26. Qc6 Qd5 27. Qa4
Rd7 28. Kh1 f5 29. Rd2 1-0

[Event "OLNW 2122 SK Lehrte - SF Hannover"]
[Site "?"]
[Date "2022.03.06"]
[Round "7.7"]
[White "Koelle, Arthur"]
[Black "Hagemann, Elmar"]
[Result "0-1"]
[WhiteElo "2160"]
[BlackElo "2250"]
[PlyCount "84"]
[EventDate "2022.??.??"]

1. d4 Nf6 2. Bf4 g6 3. Nc3 d5 4. e3 Bg7 5. h4 Ne4 6. Nxe4 dxe4 7. h5 c5 8. c3
Qb6 9. Qd2 Nc6 10. d5 Ne5 11. Bxe5 Bxe5 12. hxg6 hxg6 13. Rxh8+ Bxh8 14. O-O-O
Bd7 15. Qc2 f5 16. Ne2 Be5 17. g4 Qa5 18. Kb1 Ba4 19. b3 Bd7 20. Bg2 Qb6 21.
Rh1 Qf6 22. gxf5 gxf5 23. f4 Bd6 24. Rh5 O-O-O 25. Rg5 Rh8 26. Qd2 Kc7 27. Qe1
b5 28. Ng1 Rb8 29. Bf1 c4 30. Ne2 Bc5 31. Qd2 b4 32. cxb4 Rxb4 33. Nd4 cxb3 34.
a3 Rxd4 35. exd4 Qxd4 36. Qxd4 Bxd4 37. Bc4 b2 38. Rh5 Kd6 39. Bb3 Bf6 40. Rh6
Bb5 41. Rh3 Kc5 42. a4 Bf1 0-1

[Event "OLNW 2122 SK Lehrte - SF Hannover"]
[Site "?"]
[Date "2022.03.06"]
[Round "7.8"]
[White "Dornieden, Jonas"]
[Black "Spiess, Thomas"]
[Result "1-0"]
[WhiteElo "2064"]
[BlackElo "2000"]
[PlyCount "95"]
[EventDate "2022.??.??"]

1. d4 d5 2. c4 c6 3. Nf3 Nf6 4. Nc3 e6 5. e3 Nbd7 6. Bd3 dxc4 7. Bxc4 b5 8. Bd3
Bd6 9. O-O Bb7 10. e4 e5 11. d5 b4 12. dxc6 Bxc6 13. Bb5 Qc7 14. Nd5 Nxd5 15.
Bxc6 Qxc6 16. exd5 Qc7 17. Re1 O-O 18. Ng5 Nf6 19. h3 Rac8 20. Be3 Qc2 21. Re2
Qxd1+ 22. Rxd1 a5 23. Nf3 a4 24. Kf1 a3 25. Bg5 Nd7 26. b3 Rc7 27. Nd2 f6 28.
Ne4 Bc5 29. Bd2 Rb7 30. Rc1 Bd4 31. Rc4 Rfb8 32. Nd6 Rb6 33. Nc8 Rb5 34. Ne7+
Kf8 35. Nc6 R8b7 36. Bxb4+ Bc5 37. Bxc5+ Rxc5 38. Rxc5 Nxc5 39. Na5 Ra7 40. b4
Nd3 41. d6 Nxb4 42. Nc4 g5 43. g3 h5 44. Rd2 Nc6 45. Rd3 Ra6 46. d7 Ke7 47. Rd6
Rb6 48. d8=Q+ 1-0

[Event "OLNW 2122 SK Union Oldenburg - SK Nordh"]
[Site "?"]
[Date "2022.03.06"]
[Round "7.1"]
[White "Kroeze, Frank"]
[Black "Mueer, Sebastian"]
[Result "1-0"]
[WhiteElo "2387"]
[BlackElo "2207"]
[PlyCount "62"]
[EventDate "2022.??.??"]

1. e4 c5 2. Nf3 d6 3. d4 cxd4 4. Nxd4 Nf6 5. Nc3 a6 6. h3 e6 7. g4 h6 8. f4 b5
9. Bg2 Bb7 10. a3 Nbd7 11. O-O Rc8 12. g5 Rxc3 13. bxc3 Nxe4 14. g6 f5 15. Nxe6
Qf6 16. Nc7+ Kd8 17. Nd5 Qxg6 18. c4 Ndf6 19. Qd4 Nxd5 20. cxd5 Be7 21. c4 Kc8
22. Be3 Nc5 23. cxb5 Bf6 24. Qd2 Bxa1 25. bxa6 Nxa6 26. Rxa1 Kb8 27. Rb1 Rc8
28. Qb2 Qf7 29. Qb6 Rc3 30. Qd8+ Rc8 31. Qxd6+ Qc7 1-0

[Event "OLNW 2122 SK Union Oldenburg - SK Nordh"]
[Site "?"]
[Date "2022.03.06"]
[Round "7.2"]
[White "Bredemeier, Dirk"]
[Black "Bertholee, Rob"]
[Result "1/2-1/2"]
[WhiteElo "2236"]
[BlackElo "2317"]
[PlyCount "56"]
[EventDate "2022.??.??"]

1. c4 e6 2. g3 d5 3. Bg2 dxc4 4. Nf3 a6 5. O-O b5 6. d3 Bb7 7. dxc4 Qxd1 8.
Rxd1 Nf6 9. cxb5 axb5 10. Nd4 Bxg2 11. Nxb5 Na6 12. Kxg2 Bc5 13. N1c3 Ke7 14.
Bf4 c6 15. Nd4 Bxd4 16. Rxd4 Nd5 17. Rc1 f6 18. Bd2 Rhd8 19. Be1 e5 20. Rc4 Nb8
21. Na4 f5 22. b3 g5 23. e4 fxe4 24. Rxe4 Ke6 25. h3 Kf5 26. Re2 h5 27. Bc3 e4
28. Rce1 Rxa4 {(=)} 1/2-1/2

[Event "OLNW 2122 SK Union Oldenburg - SK Nordh"]
[Site "?"]
[Date "2022.03.06"]
[Round "7.3"]
[White "Stotyn, Fabian"]
[Black "Meessen, Max"]
[Result "1-0"]
[WhiteElo "2186"]
[BlackElo "2194"]
[PlyCount "105"]
[EventDate "2022.??.??"]

1. e4 c5 2. Nf3 e6 3. Nc3 Nc6 4. d4 cxd4 5. Nxd4 Nf6 6. Ndb5 Bc5 7. Bf4 O-O 8.
Bc7 Qe7 9. Bd6 Bxd6 10. Qxd6 Qd8 11. O-O-O Ne7 12. Nc7 Rb8 13. Nxe6 fxe6 14.
Qxb8 Ng4 15. f3 Nf2 16. Qxa7 Nxh1 17. Qg1 Qa5 18. Qxh1 d5 19. exd5 Nxd5 20.
Nxd5 exd5 21. a3 Bf5 22. Bd3 Bxd3 23. Rxd3 Re8 24. b4 Qa6 25. Qd1 Qh6+ 26. Qd2
Qxh2 27. Rxd5 Qh4 28. Kb2 h6 29. Rd4 Qf6 30. Qf4 Qg6 31. Qg4 Qf6 32. Qd7 Qg6
33. Rg4 Qf6+ 34. Qd4 Qe7 35. Re4 Qf8 36. Rf4 Qe7 37. Qd5+ Kh8 38. Rf7 Qe2 39.
g4 b5 40. Qd4 Rg8 41. Qc3 Qe6 42. Rc7 Qe2 43. Rc6 Kh7 44. Rd6 Qe7 45. Qd3+ Kh8
46. f4 Rf8 47. Qd4 Rf6 48. Rd8+ Rf8 49. Rd5 Qe2 50. g5 hxg5 51. Rxg5 Rf6 52.
Qd7 g6 53. Re5 1-0

[Event "OLNW 2122 SK Union Oldenburg - SK Nordh"]
[Site "?"]
[Date "2022.03.06"]
[Round "7.4"]
[White "Wagner, Jan"]
[Black "Oehne, Timo"]
[Result "0-1"]
[WhiteElo "2192"]
[BlackElo "2087"]
[PlyCount "68"]
[EventDate "2022.??.??"]

1. Nf3 d5 2. c4 c6 3. g3 Nf6 4. Bg2 e6 5. O-O Be7 6. b3 O-O 7. Bb2 b6 8. Qc2
Bb7 9. d4 Nbd7 10. Nbd2 c5 11. cxd5 exd5 12. Rac1 Rc8 13. Qb1 Re8 14. Rfd1 Bd6
15. e3 Qe7 16. Nh4 g6 17. Bh3 Rcd8 18. Qa1 h5 19. Qb1 Ne4 20. Nhf3 Ba6 21. Bf1
Bxf1 22. Kxf1 Ndf6 23. Ne5 Nxd2+ 24. Rxd2 Bxe5 25. dxe5 Ng4 26. e4 d4 27. f4
Ne3+ 28. Kf2 Qe6 29. Rg1 f6 30. exf6 Qxe4 31. Qxe4 Rxe4 32. Kf3 Rde8 33. Re1
Nc4 34. Rxe4 Nxd2+ 0-1

[Event "OLNW 2122 SK Union Oldenburg - SK Nordh"]
[Site "?"]
[Date "2022.03.06"]
[Round "7.5"]
[White "Bierenbroodspot, Paul"]
[Black "Schuette, Marc"]
[Result "1-0"]
[WhiteElo "2074"]
[BlackElo "2112"]
[PlyCount "91"]
[EventDate "2022.??.??"]

1. e4 c6 2. d4 d6 3. f4 Nf6 4. Bd3 e5 5. c3 Bg4 6. Qb3 Qc7 7. Nf3 Nbd7 8. O-O
Bxf3 9. Rxf3 Qb6 10. Nd2 Be7 11. Nc4 Qc7 12. fxe5 dxe5 13. Nxe5 Nxe5 14. dxe5
Bc5+ 15. Kh1 Ng4 16. Qc2 f6 17. Bf4 fxe5 18. Bg3 O-O-O 19. Qe2 h5 20. Bc4 Qe7
21. Rf7 Qd6 22. Bh4 Rdf8 23. Be7 Nf2+ 24. Qxf2 Qxe7 25. Rxe7 Rxf2 26. Rxe5 Bd6
27. Re6 Rh6 28. e5 Bc5 29. b4 Be3 30. Rd1 Rd2 31. Rf1 Bf2 32. Rxh6 gxh6 33. g3
Kd7 34. e6+ Kd6 35. a3 Rc2 36. Rd1+ Ke7 37. Rd3 b5 38. Bb3 Rb2 39. c4 bxc4 40.
Bxc4 h4 41. Rd7+ Kf8 42. Bd3 hxg3 43. e7+ Ke8 44. Bg6+ Kxd7 45. e8=Q+ Kc7 46.
Qe5+ 1-0

[Event "OLNW 2122 SK Union Oldenburg - SK Nordh"]
[Site "?"]
[Date "2022.03.06"]
[Round "7.6"]
[White "Peters, Tom"]
[Black "Hoellmann, Ludger"]
[Result "1-0"]
[WhiteElo "2047"]
[BlackElo "2114"]
[PlyCount "101"]
[EventDate "2022.??.??"]

1. e4 c6 2. d4 d5 3. Nc3 dxe4 4. Nxe4 Nd7 5. Ng5 Ngf6 6. Bd3 e6 7. N1f3 Bd6 8.
Qe2 h6 9. Ne4 Nxe4 10. Qxe4 Qc7 11. Qg4 Kf8 12. O-O Nf6 13. Qh4 b6 14. Bd2 Bb7
15. Rae1 Ke7 16. Ne5 Rae8 17. f4 Kd8 18. f5 exf5 19. Bxf5 Bc8 20. Bd3 Be6 21.
c4 Kc8 22. c5 Bxe5 23. dxe5 Nd5 24. cxb6 axb6 25. Qa4 Kd7 26. Rc1 Ra8 27. Qe4
Rhc8 28. a4 Qa7 29. a5 bxa5+ 30. Kh1 Qb6 31. Qh7 Qd4 32. Bf5 Kc7 33. Bxe6 fxe6
34. Qxg7+ Kb6 35. Bc3 Qe3 36. Rce1 Qg5 37. Qd7 Rc7 38. Bd4+ Kb5 39. Qxe6 Rg8
40. Qh3 c5 41. Bf2 c4 42. Qf3 Nb4 43. Bg3 Qe7 44. e6 Rc6 45. Re5+ Rc5 46. Rxc5+
Kxc5 47. Qe3+ Kc6 48. Rf7 Qg5 49. Rc7+ Kb5 50. Rb7+ Kc6 51. Rb6+ 1-0

[Event "OLNW 2122 SK Union Oldenburg - SK Nordh"]
[Site "?"]
[Date "2022.03.06"]
[Round "7.7"]
[White "Plasman, Hans"]
[Black "Heinemann, Ernst"]
[Result "0-1"]
[WhiteElo "2042"]
[BlackElo "2115"]
[PlyCount "102"]
[EventDate "2022.??.??"]

1. d4 Nf6 2. g3 c5 3. d5 e6 4. Nc3 Nxd5 5. Nxd5 exd5 6. Qxd5 Be7 7. Bg2 Nc6 8.
c3 O-O 9. e4 d6 10. Ne2 Be6 11. Qd1 Bc4 12. O-O Bf6 13. Re1 Re8 14. Nf4 Ne5 15.
Re3 Bg5 16. b3 Ba6 17. a4 b6 18. c4 Bb7 19. Re1 Qe7 20. h4 Bf6 21. Ra2 Ng6 22.
Rae2 Nxf4 23. Bxf4 Be5 24. Qc1 Qf6 25. Bg5 Qe6 26. Qc2 h6 27. Bc1 Qf6 28. Bb2
Rad8 29. f4 Bxb2 30. Qxb2 Qxb2 31. Rxb2 d5 32. e5 Ba8 33. Bxd5 Bxd5 34. cxd5
Rxd5 35. Kf2 Rd3 36. Re3 Red8 37. Ke2 R3d4 38. Rc2 g6 39. Rec3 h5 40. Ke3 Kf8
41. Ke2 a5 42. Rc4 Rd1 43. Re4 Ke7 44. Re3 Ke6 45. b4 axb4 46. a5 bxa5 47. Rxc5
a4 48. f5+ gxf5 49. Rc6+ Ke7 50. e6 R8d2+ 51. Kf3 Rf1# 0-1

[Event "OLNW 2122 SK Union Oldenburg - SK Nordh"]
[Site "?"]
[Date "2022.03.06"]
[Round "7.8"]
[White "Warns, Heiko"]
[Black "Wilmink, Anna"]
[Result "1-0"]
[WhiteElo "2066"]
[BlackElo "1681"]
[PlyCount "125"]
[EventDate "2022.??.??"]

1. e4 e6 2. d4 d5 3. Nc3 Nf6 4. Bg5 Be7 5. e5 Nfd7 6. Bxe7 Qxe7 7. f4 c5 8. Nb5
Na6 9. Nd6+ Kf8 10. Bxa6 bxa6 11. Nf3 h6 12. O-O a5 13. Qd2 Qd8 14. f5 exf5 15.
dxc5 Qc7 16. Qxd5 Qxc5+ 17. Qxc5 Nxc5 18. Nd4 g6 19. Rf3 Ne6 20. Rd1 Ba6 21.
Ra3 Kg7 22. Rxa5 Nc7 23. b4 Bc8 24. Rd3 Be6 25. Nxe6+ fxe6 26. Nxf5+ gxf5 27.
Rd7+ Kg6 28. Rxc7 Rad8 29. Ra6 Rd1+ 30. Kf2 Rhd8 31. Rxe6+ Kg5 32. Rd6 R8xd6
33. exd6 Rxd6 34. Rc3 Rd2+ 35. Kf3 Rd1 36. a4 Rf1+ 37. Ke2 Rh1 38. h3 Rg1 39.
Kf2 Rb1 40. Rb3 Ra1 41. a5 Ra2 42. Rc3 Rb2 43. Rc4 a6 44. Kf3 h5 45. g3 Rb1 46.
h4+ Kf6 47. c3 Rd1 48. Rc6+ Ke5 49. Rc5+ Kf6 50. c4 Rc1 51. Rc6+ Ke5 52. b5
Rc3+ 53. Kg2 Rc2+ 54. Kh3 axb5 55. cxb5 Ra2 56. a6 Kd5 57. Rc7 Kd6 58. Rb7 Ra3
59. a7 f4 60. Rb6+ Kc7 61. Ra6 Rxg3+ 62. Kh2 Rg4 63. a8=Q 1-0

[Event "OLNW 2122 SVG Salzgitter - SV Werder Br"]
[Site "?"]
[Date "2022.03.06"]
[Round "7.1"]
[White "Brinkmann, Fabian"]
[Black "Riemay, David"]
[Result "1/2-1/2"]
[WhiteElo "2144"]
[BlackElo "2172"]
[PlyCount "102"]
[EventDate "2022.??.??"]

1. d4 d6 2. e4 Nf6 3. Nc3 g6 4. Bg5 Bg7 5. e5 dxe5 6. dxe5 Ng4 7. Qxd8+ Kxd8 8.
Rd1+ Bd7 9. e6 fxe6 10. Bc4 Ke8 11. Nf3 Nc6 12. Nb5 Rc8 13. Nfd4 Nxd4 14. Nxd4
Bxd4 15. Rxd4 Ne5 16. Be2 Nf7 17. Bc1 c5 18. Rd1 Bc6 19. O-O Nd6 20. Rfe1 Kf7
21. Bg4 Nf5 22. Re5 h5 23. Be2 Nd4 24. Bd3 Bb5 25. c4 Ba6 26. b3 Rhd8 27. Bb2
b6 28. f4 Bb7 29. Kf2 Rc7 30. Rde1 Nf5 31. Bb1 Rd2+ 32. R5e2 Rcd7 33. Bxf5 exf5
34. g3 Be4 35. Rxd2 Rxd2+ 36. Re2 Rxe2+ 37. Kxe2 Bb1 38. Kd2 Bxa2 39. Kc2 a5
40. Be5 a4 41. bxa4 Bxc4 42. Bc7 b5 43. Kc3 Ke6 44. axb5 Bxb5 45. Kd2 Kd5 46.
Ke3 Kc4 47. Be5 e6 48. h4 Bc6 49. Bf6 Kb3 50. Kd2 Kc4 51. Ke3 Kb3 1/2-1/2

[Event "OLNW 2122 SVG Salzgitter - SV Werder Br"]
[Site "?"]
[Date "2022.03.06"]
[Round "7.2"]
[White "Cevik, Dietmar"]
[Black "Buchal, Stephan"]
[Result "0-1"]
[WhiteElo "2216"]
[BlackElo "2232"]
[PlyCount "54"]
[EventDate "2022.??.??"]

1. d4 g6 2. e4 Bg7 3. Be2 d6 4. Nf3 Nf6 5. Nc3 O-O 6. O-O c6 7. h3 Qc7 8. a4
Nbd7 9. Re1 e5 10. d5 cxd5 11. exd5 a6 12. Ra3 b6 13. Nd2 Bb7 14. Nf1 Rac8 15.
Ng3 Ne8 16. h4 f5 17. h5 Nef6 18. Bg5 Rce8 19. hxg6 hxg6 20. Qd2 Nc5 21. b4 f4
22. Bxf4 exf4 23. Qxf4 Nfe4 24. Qg4 Nxc3 25. Qxg6 Nxe2+ 26. Nxe2 Nd7 27. Rh3
Nf6 0-1

[Event "OLNW 2122 SVG Salzgitter - SV Werder Br"]
[Site "?"]
[Date "2022.03.06"]
[Round "7.3"]
[White "Franke, Reiner"]
[Black "Lau, Udo"]
[Result "1/2-1/2"]
[WhiteElo "2231"]
[BlackElo "2133"]
[PlyCount "83"]
[EventDate "2022.??.??"]

1. c4 e5 2. g3 Nc6 3. Bg2 Nf6 4. Nc3 Bc5 5. e3 d6 6. a3 a5 7. Nge2 Bg4 8. h3
Bd7 9. O-O O-O 10. Kh2 Re8 11. d3 Rb8 12. b3 Ne7 13. Bb2 Bc6 14. e4 Ng6 15. Nd5
Bxd5 16. cxd5 c6 17. Nc3 Bd4 18. Rb1 cxd5 19. Nxd5 Nxd5 20. Bxd4 exd4 21. exd5
Rc8 22. b4 Rc3 23. Qa4 Rxd3 24. bxa5 Re7 25. Rfd1 Ne5 26. a6 bxa6 27. Qxa6 Rxd1
28. Rxd1 g5 29. Rxd4 Rc7 30. Qe2 Qf6 31. Rb4 Rc3 32. a4 Kg7 33. Be4 Nd7 34. Bg2
Ra3 35. Qd2 h6 36. Rc4 Nc5 37. a5 Qa1 38. h4 Ra2 39. Qe3 Ra3 40. Qd2 Ra2 41.
Qe3 Ra3 42. Qd2 1/2-1/2

[Event "OLNW 2122 SVG Salzgitter - SV Werder Br"]
[Site "?"]
[Date "2022.03.06"]
[Round "7.5"]
[White "Heldt, Nils-Lennart"]
[Black "Lau, Siegfried"]
[Result "1/2-1/2"]
[WhiteElo "2075"]
[BlackElo "1979"]
[PlyCount "73"]
[EventDate "2022.??.??"]

1. e4 e6 2. d4 d5 3. Nd2 dxe4 4. Nxe4 Nd7 5. Nf3 Ngf6 6. Bg5 Be7 7. Ned2 b6 8.
Bb5 O-O 9. Bc6 Rb8 10. O-O Bb7 11. Bxb7 Rxb7 12. Qe2 Nd5 13. Bxe7 Qxe7 14. c4
N5f6 15. Rfe1 c6 16. Rad1 Qd6 17. Nb1 Rd8 18. Nc3 Nf8 19. Ne5 Rc7 20. Qf3 Rdc8
21. d5 exd5 22. cxd5 cxd5 23. Nb5 Qb4 24. Nxc7 Rxc7 25. Nd3 Qa5 26. a3 Ne6 27.
Nb4 Rd7 28. h4 h6 29. Rc1 d4 30. Qd3 Nc5 31. Qf5 Qb5 32. g4 a5 33. g5 hxg5 34.
hxg5 axb4 35. gxf6 Rd6 36. Rxc5 Rxf6 37. Qc8+ 1/2-1/2

[Event "OLNW 2122 SVG Salzgitter - SV Werder Br"]
[Site "?"]
[Date "2022.03.06"]
[Round "7.6"]
[White "Koenig, Sebastian"]
[Black "Hohlbein, Michael"]
[Result "1-0"]
[WhiteElo "2055"]
[BlackElo "2050"]
[PlyCount "51"]
[EventDate "2022.??.??"]

1. e4 d5 2. exd5 Nf6 3. c4 e6 4. Nc3 exd5 5. d4 Bb4 6. Nf3 O-O 7. Be2 c6 8. O-O
Nbd7 9. a3 Bxc3 10. bxc3 dxc4 11. Bxc4 Nb6 12. Bd3 Be6 13. Ne5 Nbd7 14. f4 Nxe5
15. fxe5 Nd5 16. Qh5 g6 17. Qh6 f5 18. exf6 Rf7 19. Bxg6 hxg6 20. Qxg6+ Kf8 21.
Bh6+ Ke8 22. Rae1 Nc7 23. Rxe6+ Nxe6 24. Qg8+ Rf8 25. Qxe6+ Qe7 26. Qxe7# 1-0

[Event "OLNW 2122 SVG Salzgitter - SV Werder Br"]
[Site "?"]
[Date "2022.03.06"]
[Round "7.7"]
[White "Buescher, Andre"]
[Black "Othmer, Michael"]
[Result "1-0"]
[WhiteElo "2038"]
[BlackElo "1978"]
[PlyCount "117"]
[EventDate "2022.??.??"]

1. e4 d6 2. d4 Nf6 3. Nc3 g6 4. Be3 c6 5. Qd2 Nbd7 6. h3 b5 7. Bd3 Bb7 8. Nf3
Nb6 9. b3 a6 10. O-O Bg7 11. Bh6 O-O 12. Bxg7 Kxg7 13. e5 Nfd7 14. e6 Nf6 15.
Ng5 c5 16. exf7 Qd7 17. Qe3 Nbd5 18. Nxd5 Bxd5 19. dxc5 dxc5 20. c4 Bxf7 21.
Nxf7 Rxf7 22. Rfe1 b4 23. Rad1 Qc7 24. Be4 Re8 25. Bd5 e6 26. Bf3 Rd7 27. Rxd7+
Nxd7 28. h4 Nf6 29. h5 Rd8 30. h6+ Kf8 31. Qxe6 Qd6 32. Bd5 Qxe6 33. Rxe6 Nxd5
34. cxd5 Rxd5 35. Rxa6 Rd1+ 36. Kh2 Rd2 37. Kg3 Rc2 38. Ra7 Kg8 39. Rg7+ Kh8
40. Ra7 Kg8 41. f4 c4 42. bxc4 Rxc4 43. Kf3 b3 44. axb3 Rc3+ 45. Ke4 Rxb3 46.
Rd7 Rb8 47. g3 Rf8 48. Rg7+ Kh8 49. Re7 Kg8 50. Ke5 Kh8 51. Ke6 Kg8 52. Kd7 Rf5
53. Rg7+ Kh8 54. Re7 Kg8 55. Ke6 Rf8 56. Rg7+ Kh8 57. Rf7 Rg8 58. Re7 Rf8 59.
Kd7 1-0

[Event "OLNW 2122 SVG Salzgitter - SV Werder Br"]
[Site "?"]
[Date "2022.03.06"]
[Round "7.8"]
[White "Hesse, Juergen"]
[Black "Schat, Carlos"]
[Result "1/2-1/2"]
[WhiteElo "1866"]
[BlackElo "2017"]
[PlyCount "65"]
[EventDate "2022.??.??"]

1. e4 c5 2. Nc3 Nc6 3. f4 g6 4. Nf3 Bg7 5. Bb5 Nd4 6. Bd3 d6 7. Nxd4 Bxd4 8.
Ne2 Bg7 9. c3 e6 10. Bb5+ Bd7 11. Bxd7+ Qxd7 12. d4 cxd4 13. Nxd4 Nf6 14. Qf3
d5 15. e5 Ne4 16. O-O O-O 17. Be3 f6 18. exf6 Rxf6 19. Qh3 Re8 20. Rae1 Qa4 21.
a3 Qa6 22. g4 e5 23. g5 Rd6 24. fxe5 Bxe5 25. Nf3 Bg7 26. Bd4 Rdd8 27. Bxg7
Kxg7 28. Nd4 Nxg5 29. Qg4 Ne4 30. Qf4 Rd7 31. Qg4 Rdd8 32. Qf4 Rd7 33. Qg4
1/2-1/2

[Event "OLNW 2122 Delmenhorster SK - HSK Lister"]
[Site "?"]
[Date "2022.03.06"]
[Round "7.1"]
[White "Abel, Dennes"]
[Black "Hoeffer, David"]
[Result "1-0"]
[WhiteElo "2442"]
[BlackElo "2332"]
[PlyCount "120"]
[EventDate "2022.??.??"]

1. d4 Nf6 2. c4 g6 3. Nc3 Bg7 4. e4 d6 5. Nf3 O-O 6. Be2 e5 7. Be3 Ng4 8. Bg5
f6 9. Bc1 Nc6 10. d5 Ne7 11. h3 Nh6 12. h4 Nf7 13. h5 g5 14. Nh2 f5 15. g4 f4
16. b4 a5 17. bxa5 c5 18. a4 Kh8 19. f3 Ng8 20. Nf1 Nf6 21. Nd2 Nh6 22. Nb3 Rf7
23. Rg1 Bf8 24. Qd3 Ra6 25. Bd2 Be7 26. Nd1 Qc7 27. Nf2 Kg8 28. Bc3 Nd7 29. Nd2
Rf8 30. Rb1 Bd8 31. Rb5 Nf7 32. Kd1 h6 33. Kc2 Qb8 34. Rgb1 Qa7 35. Nb3 Re8 36.
Kc1 Be7 37. Bd1 Bd8 38. Rb2 Be7 39. Kd2 Rd8 40. Ke1 Kf8 41. Kf1 Kg8 42. Nc1 Kf8
43. Be1 Kg8 44. Qb1 Qb8 45. Bd2 Qc7 46. Rxb7 Bxb7 47. Rxb7 Rb8 48. Rxc7 Rxb1
49. Rxd7 Kf8 50. Nb3 Nd8 51. Ke2 Ke8 52. Rc7 Nf7 53. Nd3 Ra8 54. Rb7 Rxb3 55.
Bxb3 Bd8 56. Ne1 Bxa5 57. Bxa5 Rxa5 58. Nc2 Ra6 59. Na3 Kf8 60. Nb5 Ke8 1-0

[Event "OLNW 2122 Delmenhorster SK - HSK Lister"]
[Site "?"]
[Date "2022.03.06"]
[Round "7.2"]
[White "Korsus, Bernd"]
[Black "Walter, Stefan"]
[Result "0-1"]
[WhiteElo "2285"]
[BlackElo "2380"]
[PlyCount "66"]
[EventDate "2022.??.??"]

1. d4 d5 2. Nf3 Nf6 3. c4 e6 4. Nc3 Be7 5. Bg5 h6 6. Bh4 O-O 7. e3 Ne4 8. Bxe7
Qxe7 9. Rc1 c6 10. Bd3 Nxc3 11. Rxc3 Nd7 12. O-O e5 13. dxe5 dxc4 14. Bxc4 Nxe5
15. Nxe5 Qxe5 16. Qf3 Be6 17. Bxe6 Qxe6 18. b3 Rfd8 19. Rc4 Rd2 20. Ra4 Qd6 21.
h3 a6 22. Rc1 Rd8 23. g4 Qe5 24. Rb4 R8d6 25. Rf4 Qb2 26. Rcc4 Qb1+ 27. Kg2
Qxa2 28. Qe4 Rd8 29. Qf5 Rf8 30. Rb4 b5 31. Qc5 Qc2 32. Qa7 c5 33. Rbe4 Rxf2+
0-1

[Event "OLNW 2122 Delmenhorster SK - HSK Lister"]
[Site "?"]
[Date "2022.03.06"]
[Round "7.3"]
[White "Hampel, Felix"]
[Black "Pahl, Theis"]
[Result "0-1"]
[WhiteElo "2319"]
[BlackElo "2200"]
[PlyCount "130"]
[EventDate "2022.??.??"]

1. c4 e5 2. Nc3 Nf6 3. Nf3 Nc6 4. g3 Nd4 5. Bg2 Nxf3+ 6. Bxf3 Bb4 7. Qc2 O-O 8.
a3 Be7 9. O-O c6 10. e4 d6 11. Rd1 Qc7 12. d4 exd4 13. Rxd4 Ng4 14. Bg2 Bf6 15.
Rd1 Ne5 16. h3 Nxc4 17. b3 Qa5 18. bxc4 Bxc3 19. Rb1 Rd8 20. Rb3 Bf6 21. Rbd3
Be6 22. Bf4 Qc5 23. Bxd6 Qxc4 24. Qb1 Rd7 25. Bf4 Rxd3 26. Rxd3 b6 27. Qd1 Be7
28. Be5 f6 29. Bb2 Qa2 30. Qd2 Rc8 31. e5 fxe5 32. Be4 Qc4 33. Qe2 Bc5 34. Bxe5
Rf8 35. Bf3 Bf5 36. Rd2 Qxe2 37. Rxe2 Bxh3 38. Bxc6 Rd8 39. a4 Bg4 40. Rb2 Be6
41. a5 Kf7 42. axb6 Bxb6 43. Bf3 g6 44. Kg2 Bd5 45. Bf4 Bxf3+ 46. Kxf3 Ke6 47.
Rc2 Kd5 48. Rb2 Kc4 49. Rc2+ Kb3 50. Rc1 Rd7 51. Rc6 Rb7 52. Ke2 a5 53. Bd2 Bd8
54. Kd1 a4 55. Rc3+ Ka2 56. Rc2+ Rb2 57. Rc4 a3 58. f3 Bf6 59. Rc7 Rb3 60. Rxh7
Kb1 61. Rc7 Bb2 62. Bc1 a2 63. Bxb2 Kxb2 64. Rc2+ Ka3 65. Rc1 Rb1 0-1